000 00649nam a2200217 i 4500
001 37138
003 ES-MaACL
005 20250812023446.0
007 t|
008 030220s1953 sp ||||1| spa d
100 1 _aBurckhardt, Jacob,
_d1818-1897
_932584
245 1 3 _aEl Cicerone /
_cJacob Burckhardt.
260 _a[Barcelona :
_bIberia,
_c1953] (
_fAgustín Núñez)
300 _a2 t. ;
_c19 cm.
490 1 _aObras maestras
505 8 _aContiene: T. II: Pintura. -- T. III: Escultura
650 7 _aArte italiano
_2embne
_9155745
830 0 _aObras maestras
_9181001
852 _aES-MaACL
_jE-3681-82
999 _c37138
_d37138